Normal view
MARC view
Entry Topical Term
001 - CONTROL NUMBER
- control field: 21935
003 - CONTROL NUMBER IDENTIFIER
- control field: OSt
005 - DATE AND TIME OF LATEST TRANSACTION
- control field: 20250827114506.0
008 - FIXED-LENGTH DATA ELEMENTS
- fixed length control field: 250827|| aca||aabn | a|a d
040 ## - CATALOGING SOURCE
- Original cataloging agency: OSt
- Transcribing agency: OSt
150 ## - HEADING--TOPICAL TERM
- Topical term or geographic name entry element: Self-actualization[psychology]
670 ## - SOURCE DATA FOUND
- Source citation: Work cat.: (OSt)20770: Bregman, Peter 21934, 18 minutes :Find your focus ,master distraction and get the right things done, 2011
